Представление документа в формате RUSMARC

ПолеНазваниеЗначение
  Тип записи a
  Библиографический уровень a
001 Контрольный номер RU/CBS_Ul/BASE/540396035
005 Дата корректировки 20240209175210.0
100 Данные общей обработки __
a Данные общей обработки 20170214d2017 ||| 0rusy0189 ca
101 Язык документа 0_
a Язык текста rus
102 Страна публикации __
a Страна публикации RU
105 Кодированные данные (монография) __
a Кодированные данные (монография) y###||||000|y
200 Заглавие и сведения об ответственности 1_
a Заглавие Небесные люди
b Общее обозначение материала Текст
e Сведения, относящиеся к заглавию [о православном Софийском женском монастыре в Японии]
f Первые сведения об ответственности А. Ярошенко
300 Общие примечания __
a Общие примечания Ограничения по возрасту - 12+
461 Уровень набора _0
1 2000
a Родина
463 Уровень физической единицы _0
1 001RU/CBS_Ul/BASE/532015431
1 2000
a № 8
v С. 48-49 : фото
1 210
d 2016
606 Тематические рубрики 0_
a Основная рубрика Православные монастыри - Япония
y Географическая подрубрика Япония
610 Ключевые слова 0_
a Ключевые слова православие
a Ключевые слова монастыри
a Ключевые слова монастыри православные
a Ключевые слова женские монастыри
a Ключевые слова монастыри женские православные
a Ключевые слова молитвы
a Ключевые слова Софийский монастырь
a Ключевые слова монахини
686 Индексы других классификаций __
a Классификационный индекс 86.372-6
2 Код системы ББК
700 Автор _1
a Фамилия Ярошенко
b Имя (инициалы) А.
801 Источник записи _0
a Страна RU
b Организация МБУК ЦБС г. Ульяновска
c Дата составления 20170214
g Правила каталогизации RCR
801 Источник записи _1
a Страна RU
b Организация МБУК ЦБС г. Ульяновска
c Дата составления 20170214
g Правила каталогизации RCR
901 Тип документа __
t Тип документа b
w Контрольный № источника RU/CBS_Ul/BASE/532015431
910 Корректоры записи __
a Корректор записи Библиотека 1
938 Служебная информация __
a Имя БД period